| 000 | 02083nam a2200301Ia 4500 | ||
|---|---|---|---|
| 999 |
_c36615 _d36615 |
||
| 001 | 2535 | ||
| 003 | GE_BSU | ||
| 005 | 20200127100915.0 | ||
| 008 | 181216s2009||||ge |||||||||||||| ||geo|| | ||
| 020 | _a9789941016417 | ||
| 040 | _cGE_BSU | ||
| 041 | _ageo | ||
| 080 | _a616-07(075.8) ქ-15 | ||
| 100 |
_aქავთარაძე, გიორგი _96369 |
||
| 245 |
_aდიაგნოსტიკური ძიება შინაგან სნეულებათა კლინიკაში : _bსიმპტომიდან დიაგნოზამდე-სინდრომული ძიება, გამოკვლევის პროგრამები, შინაგანი სნეულებების პათოგნომური სიმპტომოკომპლექსები : სახელმძღვ. უმაღლ. სასწ. სტუდ., რეზიდენტებისა და ექიმებისთვის / _cგიორგი ქავთარაძე ; [თანაავტ.: მიხეილ წვერავა [და სხვ.] ; სარედ. ჯგ.: გაიანე სიმონია [და სხვ.]]. |
||
| 264 |
_aთბილისი : _bცოდნა, _c2009. |
||
| 300 |
_a752 გვ. : _b ცხრ. ; _c26 სმ. |
||
| 504 | _a ბიბლიოგრ.: გვ. 743-745. | ||
| 541 | _h30 ლ. | ||
| 653 | _aშინაგანი დაავადებების დიაგნოსტიკა | ||
| 653 | _aმედიცინა | ||
| 700 |
_aწვერავა, მიხეილ _eავტორი _96370 |
||
| 700 |
_a ბასიშვილი, ნათელა _eავტორი _96371 |
||
| 700 |
_a კირტავა, ზვიად და სხვ. _eავტორი _96372 |
||
| 700 |
_aსიმონია, გაიანე _eრედაქტორი _96366 |
||
| 700 |
_aსულაქველიძე, მაია _eრედაქტორი _96367 |
||
| 942 |
_cBK _2udc |
||